000 01212nam a2200253Ia 4500
003 Ost
005 20260507075009.0
008 260507s9999||||xx |||||||||||||| ||und||
020 _a9773282510
040 _cfsecg
041 _aara
082 _a346
100 _aرسلان، نبيلة اسماعيل
_eمؤلف
245 0 _aالمسؤولية في مجال المعلوماتية و الشبكات /
_c نبيلة اسماعيل رسلان
260 _aالاسكندرية:
_bدار الجامعة الجديدة,
_c2007
300 _a155 صفحة؛
_bإيضاحات ؛
_c24 سم
504 _aبيبليوغرافيا: ص.143-150
520 _aالباب الاول نظم المعالجة والمسؤولية الفصل الاول : المسؤولية التعادية الفصل الثاني : المسؤولية التقصرية الباب الثاني معلومات تمت معالجتها والمسؤولية الفصل الاول : المسؤولية التعاقدية المسؤولية التقصيرية
653 _aالحاسب الالي
653 _aالشبكات
653 _aالقانون
653 _aالمسؤولية المدنية
942 _cكتاب
999 _c42139
_d42139